| 000 | 00766nam a22001577a 4500 | ||
|---|---|---|---|
| 003 | OSt | ||
| 005 | 20150928165126.0 | ||
| 008 | 150928b xxu||||| |||| 00| 0 eng d | ||
| 040 | _cRUA | ||
| 082 | _aATM.Sp YOU 2003 B059 Or.1 | ||
| 100 |
_91509 _aYOU, THACH. |
||
| 245 | _aEffect of using different fertilizers on brassica campestris ssp in wet season 2002 at kien svay district, ពិសោធន៍ប្រសិទ្ធភាពនៃការប្រើប្រាស់ប្រភេទជីផ្សេងៗគ្នាលើដំណាំស្ពៃចង្កឹះ រដូវវស្សា២០០២ នៅស្រុកគៀនស្វាយ | ||
| 260 |
_aPhnom Penh _bRUA _c2003 |
||
| 300 |
_a51p. _bill. _c29cm. |
||
| 942 |
_2ddc _cATMSP |
||
| 999 |
_c1419 _d1419 |
||